| 000 | 00978nac a22003131u 4500 | ||
|---|---|---|---|
| 005 | 20150816100022.0 | ||
| 008 | 150816s2007 njua|||frb||| 001 0 eng d | ||
| 010 | _a 2005029392 | ||
| 020 | _a0131869604 (alk. paper) | ||
| 020 | _a9780131869608 | ||
| 035 | _a(OCoLC)ocm61879739 | ||
| 040 |
_a EG-ScBUE _beng _c EG-ScBUE |
||
| 082 | 0 | 4 |
_a658.8342 _bSCH _222 |
| 100 | 1 |
_aSchiffman, Leon G. _938217 |
|
| 245 | 1 | 0 |
_aConsumer behavior / _cLeon G. Schiffman, Leslie Lazar Kanuk. |
| 250 | _a9th ed. | ||
| 260 |
_aUpper Saddle River : _bPearson Prentice Hall, _cc.2007. |
||
| 300 |
_ap. : _bcol. ill. ; _c27 cm. |
||
| 500 | _aIncludes indexes. | ||
| 500 | _aInclude glossary. | ||
| 504 | _aIncludes bibliographical references. | ||
| 590 | _adoaa mohamed | ||
| 650 | 0 |
_aConsumer behavior. _2BUEsh |
|
| 650 | 0 |
_aMotivation research (Marketing) _2BUEsh |
|
| 651 | _2BUEsh | ||
| 653 | _bBUSADM | ||
| 700 | 1 | _aKanuk, Leslie Lazar. | |
| 942 |
_cNB _k658.8342SCH _2ddc |
||
| 999 |
_c7735 _d7734 |
||